| Поле | Название | Значение |
| |
Тип записи |
a |
| |
Библиографический уровень |
m |
| 001 |
Контрольный номер |
RU/SLIB/B/208729104 |
| 005 |
Дата корректировки |
20241220165011.8 |
| 010 |
Индекс ISBN |
__ |
| a |
ISBN |
5-7539-0191-3 |
| d |
Цена |
4500-00 |
| 101 |
Язык документа |
0_ |
| a |
Язык текста |
rus |
| 200 |
Заглавие и сведения об ответственности |
1_ |
| a |
Заглавие |
Чингис-хан как полководец и его наследие |
| e |
Сведения, относящиеся к заглавию |
культурно-исторический очерк Монгольской империи XII-XIV вв. |
| f |
Первые сведения об ответственности |
Хара-Даван Э. |
| b |
Общее обозначение материала |
Текст |
| 205 |
Сведения об издании |
__ |
| a |
Основные сведения об издании |
2-е изд. |
| 210 |
Выходные данные |
1_ |
| a |
Место издания |
Элиста |
| c |
Издательство |
Калмыц. кн. изд-во |
| d |
Дата издания |
1991 |
| 215 |
Физическое описание |
__ |
| a |
Объем |
220 с. |
| 600 |
Персоналии |
_1 |
| a |
Персоналии (Фамилия) |
Чингисхан |
| 606 |
Тематические рубрики |
__ |
| a |
Основная рубрика |
История |
| 606 |
Тематические рубрики |
__ |
| a |
Основная рубрика |
Средние века |
| y |
Географическая подрубрика |
Россия; Монголия; Монгольская империя |
| 606 |
Тематические рубрики |
__ |
| a |
Основная рубрика |
Страны Азии в V - XVII вв. |
| 610 |
Ключевые слова |
0_ |
| a |
Ключевые слова |
империи; военные походы; монголо-татарское иго; ханы; очерки; историческая литература; исторические деятели; персоналии |
| 686 |
Индексы других классификаций |
__ |
| a |
Классификационный индекс |
63.3(5Мон)4; ст63.3(5Мон)4 |
| 700 |
Автор |
_1 |
| a |
Фамилия |
Хара-Даван |
| b |
Имя |
Э. |
| 4 |
Код отношения |
070 |
| 801 |
Источник записи |
_0 |
| a |
Страна |
RU |
| b |
Организация |
Муниципальное бюджетное учреждение культуры "Централизованная библиотечная система" г. Сургут (Центральная городская библиотека им. А. С. Пушкина) |
| g |
Правила каталогизации |
КиК/Елгина |
| 801 |
Источник записи |
_1 |
| a |
Страна |
RU |
| b |
Организация |
Муниципальное бюджетное учреждение культуры "Централизованная библиотечная система" г. Сургут (Центральная городская библиотека им. А. С. Пушкина) |
| g |
Правила каталогизации |
КиК/Елгина |
| 852 |
Данные о местонахождении |
__ |
| j |
Шифр хранения |
63.3(5Мон)4 |
| c |
Каталожный индекс |
63.3(0)4 |
| i |
Авторский знак |
Х 20 |
| p |
Инвентарный номер |
50764 |
| 901 |
Тип документа |
__ |
| t |
Тип документа |
m |
| 990 |
Данные о заказе (DOS) |
__ |
| j |
Количество экземпляров (DOS) |
2 |